| 000 | 00751cab a2200229 4500 | ||
|---|---|---|---|
| 001 | ABS59550 | ||
| 008 | 090401t1998 xxu||||| |||| 00| 0 eng d | ||
| 035 | _a(Sirsi) u89180 | ||
| 041 | _aeng | ||
| 100 | _aHall, S. | ||
| 245 | 4 | _aThe benefits of locking the competition out | |
| 260 | _c1998 | ||
| 350 | _a0 | ||
| 490 |
_aProperty Week _v63(23) 2 October 1998, 40(1) |
||
| 520 | _aEvaluates the use of lock-out agreements by buyers to protect themselves against a vendor who decides not to sell. Questions their legal effect and warns of their use. | ||
| 650 | _aLOCK-OUT AGREEMENTS | ||
| 650 | _aPROPERTY TRANSACTIONS | ||
| 650 | _aSPECIAL PURCHASE VEHICLES | ||
| 690 | _aPROPERTY LAW AND PRACTICE | ||
| 942 | _n0 | ||
| 948 | _c21/10/1998 | ||
| 999 |
_c56400 _d56400 |
||